000 00561nam a2200205Ia 4500
003 OSt
005 20250304111825.0
008 210210b1970 xxu||||| |||| 00| 0 eng d
040 _cAL
041 _ahin
082 _aH891.3 BHAV
100 _aBHARGAV (Asha):
_9203657
110 _bभार्गव आशा
_9203658
245 _aVishv lok kathayen:
_bविश्व लोक कथाएँ
260 _aLucknow
_bSamaj Shastriy Patrika Prakashan
_c1970
300 _a38
690 _aHindi Fiction
_9203659
906 _a029991
942 _2ddc
_cBK
999 _c81188
_d81188